| 000 | 00528nam a22001697a 4500 | ||
|---|---|---|---|
| 003 | NUST - PNEC | ||
| 005 | 20170116181108.0 | ||
| 008 | 151003b xxu||||| |||| 00| 0 eng d | ||
| 020 | _a- | ||
| 040 | _cLIBRARY | ||
| 082 | _a005.265 IBM | ||
| 100 |
_912725 _aInternational Business Machines Corporation |
||
| 245 |
_aIBM American national standard COBOL Coding illustrations _cInternational Business Machines Corporation |
||
| 260 | _cc.1969 | ||
| 650 |
_912728 _aIBM Personal Computer -- Programming. _xMIS |
||
| 942 |
_2ddc _cBK |
||
| 999 |
_c68998 _d68998 |
||